| 000 | 00628na a2200241 4500 | ||
|---|---|---|---|
| 001 | 23145 | ||
| 003 | MIRAKIL | ||
| 005 | 20181213154927.0 | ||
| 008 | 170721b tu 000 0 | ||
| 020 | _a9786054409419 | ||
| 040 |
_aMilas _btur _cTR-AnCHP |
||
| 041 | _atur | ||
| 082 |
_a811.42 _bE66j 2017 |
||
| 090 | _a811.42 E66j 2017 | ||
| 100 | _aErol, Ekrem | ||
| 245 |
_aJanjanlı yalnızlık _cEkrem Erol |
||
| 260 |
_aİstanbul _bkitapdostu yayınları _c2017 |
||
| 300 |
_a151 s. _c19 sm. |
||
| 440 |
_akitapdostu yayınları _v41 |
||
| 490 |
_aEdebiyat _v9 |
||
| 650 |
_aTürk edebiyatı _xŞiir |
||
| 942 |
_2ddc _cBKS |
||
| 999 |
_c3304 _d3304 |
||